Statistiche per Gioco di pesca in forme country

Clicka qui per fare il quiz!

Statistiche generali

  • Questo quiz è stato fatto 9 volte
  • Il punteggio medio è 11 su 20

Risposte nella Mappa

Le risposte nella mappa del quiz sottostante sono codificate secondo una scala di colori dal rosso al verde in base alla % di persone che hanno risposto correttamente.
 

Statistiche sulle risposte

Paese% Corretto
Argentina
100%
Australia
100%
Birmania
100%
Brasile
100%
Cile
100%
Cina
100%
Colombia
100%
Eritrea
100%
Giappone
100%
Grecia
100%
Guinea
100%
Indonesia
100%
Iran
100%
Iraq
100%
Italia
100%
Malawi
100%
Marocco
100%
Messico
100%
Mongolia
100%
Mozambico
100%
Portogallo
100%
Repubblica Democratica del Congo
100%
Somalia
100%
Sudafrica
100%
Thailandia
100%
Tunisia
100%
Yemen
100%
Zambia
100%
Papua Nuova Guinea
75%
Bangladesh
67%
Filippine
67%
India
67%
Madagascar
67%
Canada
50%
Cipro
50%
Corea del Sud
50%
Croazia
50%
Cuba
50%
Egitto
50%
Georgia
50%
Guatemala
50%
Haiti
50%
Islanda
50%
Libia
50%
Mali
50%
Mauritania
50%
Namibia
50%
Nicaragua
50%
Norvegia
50%
Serbia
50%
Spagna
50%
Svizzera
50%
Turchia
50%
Arabia Saudita
33%
Bielorussia
33%
Pakistan
33%
Panama
33%
Paraguay
33%
Romania
33%
Malesia
25%
Afghanistan
0%
Algeria
0%
Austria
0%
Belgio
0%
Camerun
0%
Ciad
0%
Corea del Nord
0%
Costa Rica
0%
Emirati Arabi Uniti
0%
Etiopia
0%
Francia
0%
Gabon
0%
Gambia
0%
Germania
0%
Guyana
0%
Irlanda
0%
Israele
0%
Kazakistan
0%
Kenya
0%
Laos
0%
Liberia
0%
Nepal
0%
Niger
0%
Nigeria
0%
Nuova Zelanda
0%
Paesi Bassi
0%
Perù
0%
Polonia
0%
Regno Unito
0%
Russia
0%
Senegal
0%
Siria
0%
Sri Lanka
0%
Stati Uniti
0%
Sudan
0%
Svezia
0%
Taiwan
0%
Ucraina
0%
Venezuela
0%
Vietnam
0%

Distribuzione punteggi

Percentile per numero di risposta

Percentuale di utenti per punteggio

I tuoi punteggi nel tempo

Non hai fatto questo quiz